000 00687nam a2200241 4500
003 OSt
005 20230723122411.0
008 230723s1981 io a g 000 0amay d
020 _qpaperback
040 _aPPAK
_beng
_cPPAK
_erda
082 0 4 _223
_a928.99221
090 0 0 _a928.99221
_bPER
_dKWS
245 0 0 _aPERJALANAN TERAKHIR BUYA HAMKA
264 1 _aJakarta :
_bPanji Masyarakat,
_c1981
300 _a238 pages ;
_c20 cm
336 _atext
_2rdacontent
337 _aunmediated
_2rdamedia
338 _avolume
_2rdacarrier
600 0 _aHamka,
_d1908-1981
650 1 0 _aAuthors, Indonesian
650 2 0 _aMuslim scholars
_zIndonesian
942 _2ddc
_cB
999 _c192574
_d192574